Top 20 Province d'Italia per Qualità della Vita 2025 - Statistics

Statistiche generali
  • Questo quiz è stato fatto 75 volte
  • Il punteggio medio è 16 su 20
Statistiche sulle risposte
Rank Provincia % Corretto
2 Bolzano
98%
1 Trento
95%
8 Milano
93%
17 Trieste
89%
7 Verona
88%
4 Bologna
86%
3 Udine
84%
9 Padova
81%
10 Parma
81%
18 Vicenza
81%
12 Modena
79%
5 Bergamo
75%
6 Treviso
74%
16 Monza-Brianza
72%
15 Lecco
68%
13 Aosta
65%
11 Forlì-Cesena
65%
19 Ravenna
65%
14 Cremona
63%
20 Reggio Emilia
63%
Nessun quiz corrispondente trovato
Distribuzione punteggi
Percentuale di utenti per punteggio
Percentile per numero di risposta
I tuoi punteggi nel tempo
Non hai fatto questo quiz